[Event "Madrid ch - Previa A"]
[Site "Madrid ESP"]
[Date "2009.11.11"]
[Round "5.9"]
[White "Beekhof Harmsen, Willen"]
[Black "Osorio Ramos, Francisco"]
[Result "0-1"]
[WhiteElo "1872"]
[BlackElo "1946"]
[PlyCount "118"]
[EventDate "2009.11.02"]
[EventType "swiss"]
[EventRounds "9"]
[EventCountry "ESP"]
[Source "lmi"]
[SourceDate "2009.11.02"]

1. d4 c5 2. e3 Nf6 3. Nf3 b6 4. Be2 Bb7 5. O-O g6 6. c4 Bg7 7. Nc3 O-O 8. d5 d6
9. Rb1 Na6 10. a3 Nd7 11. Qc2 Ne5 12. b3 Qd7 13. Bb2 Rfb8 14. Rfd1 Nc7 15. h3
Bc8 16. Nxe5 Bxe5 17. Ne4 Bxb2 18. Rxb2 Qd8 19. Ng3 Ne8 20. f4 Ng7 21. Bf3 Bd7
22. e4 b5 23. e5 Bf5 24. Qe2 bxc4 25. Qxc4 Rc8 26. Nxf5 Nxf5 27. Qd3 Nd4 28.
Be4 Rab8 29. a4 Rb4 30. f5 dxe5 31. fxg6 hxg6 32. Bxg6 Qd6 33. Be4 Kf8 34. Rf1
Ke8 35. Qg3 f6 36. Qg6+ Kd7 37. Rfb1 Rcb8 38. Bd3 Rxb3 39. Rxb3 Rxb3 40. Rxb3
Nxb3 41. Qg8 Kc7 42. Qe6 Qxe6 43. dxe6 Nd4 44. Bc4 Kd6 45. h4 Nxe6 46. h5 Ng5
47. h6 e6 48. g4 Ke7 49. Bd3 Kf7 50. Kg2 e4 51. Bc4 Kg6 52. Kg3 Kxh6 53. Kf4
Kg6 54. Ke3 f5 55. Kf4 Kf6 56. gxf5 exf5 57. Bd5 Ne6+ 58. Ke3 Ke5 59. Kf2 Ng5
0-1

[Event "Madrid ch - Previa A"]
[Site "Madrid ESP"]
[Date "2009.11.11"]
[Round "5.10"]
[White "Rodriguez Vignote, Javier"]
[Black "Huerta Navarro, Eusebio"]
[Result "1-0"]
[WhiteElo "1874"]
[BlackElo "1948"]
[PlyCount "107"]
[EventDate "2009.11.02"]
[EventType "swiss"]
[EventRounds "9"]
[EventCountry "ESP"]
[Source "lmi"]
[SourceDate "2009.11.02"]

1. d4 d5 2. c4 e6 3. Nc3 Nf6 4. cxd5 exd5 5. Bg5 Nbd7 6. e3 Bb4 7. Nf3 Qe7 8.
Bd3 c6 9. O-O O-O 10. Qc2 Bd6 11. Bxh7+ Kh8 12. Bd3 Nb6 13. e4 dxe4 14. Nxe4
Nbd5 15. a3 Bg4 16. Nxd6 Qxd6 17. Ne5 Bh5 18. Rfe1 Ng4 19. Bh4 Qh6 20. Bg3 Rad8
21. Nf3 Nf4 22. Bxf4 Qxf4 23. Re4 Qd6 24. h3 f5 25. Ree1 Nh6 26. Ng5 Rf6 27.
Be2 Bg6 28. Rad1 f4 29. Qb3 Rf5 30. h4 Qd7 31. Bd3 Rf6 32. Bxg6 Rxg6 33. Re5
Rd6 34. Re4 Qg4 35. Rde1 Rf8 36. Qc2 Qf5 37. Qe2 Rdf6 38. Re5 Qg4 39. Qd3 g6
40. Re8 Nf5 41. Rxf8+ Rxf8 42. Nf3 Kg7 43. Qe4 Rf7 44. Qe5+ Kh6 45. Ng5 Rg7 46.
Ne6 f3 47. g3 Re7 48. Qh8+ Rh7 49. Qf8+ Ng7 50. Ng5 Qf5 51. Nxh7 Qh3 52. Qxf3
Kxh7 53. Re7 Qc8 54. Qf7 1-0

[Event "Madrid ch - Previa A"]
[Site "Madrid ESP"]
[Date "2009.11.11"]
[Round "5.11"]
[White "Garcia Gutierrez, Jose"]
[Black "Lopez Rodriguez, Eduardo"]
[Result "1-0"]
[WhiteElo "2053"]
[BlackElo "1877"]
[PlyCount "43"]
[EventDate "2009.11.02"]
[EventType "swiss"]
[EventRounds "9"]
[EventCountry "ESP"]
[Source "lmi"]
[SourceDate "2009.11.02"]

1. b3 d5 2. e3 Nf6 3. Bb2 g6 4. Nf3 Bg7 5. c4 c6 6. Be2 O-O 7. O-O Nbd7 8. d4
Ne4 9. Nbd2 Ndf6 10. Rc1 Re8 11. Ne5 Nxd2 12. Qxd2 Ne4 13. Qc2 f6 14. f3 fxe5
15. fxe4 exd4 16. exd4 e5 17. cxd5 cxd5 18. dxe5 dxe4 19. Qxe4 Qa5 20. Bc4+ Kh8
21. Rf7 Bxe5 22. Rf8+ 1-0

[Event "Madrid ch - Previa A"]
[Site "Madrid ESP"]
[Date "2009.11.11"]
[Round "5.12"]
[White "Gabriel Y Galan Acevedo, Jesus"]
[Black "Lopez Peral, Enrique"]
[Result "0-1"]
[WhiteElo "1981"]
[BlackElo "1864"]
[PlyCount "62"]
[EventDate "2009.11.02"]
[EventType "swiss"]
[EventRounds "9"]
[EventCountry "ESP"]
[Source "lmi"]
[SourceDate "2009.11.02"]

1. d4 d5 2. Nf3 Nf6 3. Bf4 e6 4. e3 c5 5. c3 Be7 6. Bd3 O-O 7. Nbd2 Nc6 8. h4
cxd4 9. exd4 Bd6 10. Ne5 Qc7 11. Qe2 a6 12. g4 Bxe5 13. dxe5 Nd7 14. Nf3 b5 15.
Bg3 Nc5 16. Bc2 Bb7 17. h5 d4 18. b4 Nd7 19. Qd3 g6 20. hxg6 Ncxe5 21. gxh7+
Kh8 22. Nxe5 Nxe5 23. Qxd4 f6 24. O-O-O Bxh1 25. Rxh1 Rac8 26. Kb2 Nc4+ 27. Kb3
a5 28. Be4 e5 29. Qd5 a4+ 30. Kc2 Na3+ 31. Kd2 Rfd8 0-1

[Event "Madrid ch - Previa A"]
[Site "Madrid ESP"]
[Date "2009.11.11"]
[Round "5.13"]
[White "Perez Cameselle, Francisco"]
[Black "Maseda Iglesias, Luis"]
[Result "1-0"]
[WhiteElo "1930"]
[BlackElo "1839"]
[PlyCount "105"]
[EventDate "2009.11.02"]
[EventType "swiss"]
[EventRounds "9"]
[EventCountry "ESP"]
[Source "lmi"]
[SourceDate "2009.11.02"]

1. Nf3 d5 2. g3 c5 3. d3 Nc6 4. Nbd2 Nf6 5. Bg2 e5 6. e4 dxe4 7. dxe4 Be7 8.
O-O O-O 9. c3 Qc7 10. Qc2 b6 11. Re1 Bb7 12. Nf1 Rad8 13. Ne3 Bc8 14. Nh4 g6
15. Nf3 b5 16. a4 a6 17. axb5 axb5 18. Bf1 Qb7 19. Nd2 Be6 20. f4 exf4 21. gxf4
Ng4 22. Nf3 Nxe3 23. Bxe3 b4 24. Qf2 bxc3 25. bxc3 Qc8 26. Bxc5 Bxc5 27. Qxc5
Nb8 28. Qxc8 Rxc8 29. Rec1 Nd7 30. Nd4 Bc4 31. Bh3 Rc7 32. Bxd7 Rxd7 33. Kf2
Rc8 34. Ke3 Re7 35. Nf3 f6 36. Ra4 Rd7 37. Nd4 Rdc7 38. Kd2 Kf7 39. Rca1 Ke7
40. Ra7 Kd7 41. Rxc7+ Rxc7 42. Ke3 Rb7 43. e5 fxe5 44. fxe5 Rc7 45. Ra3 Ke7 46.
h4 Kf7 47. Kf4 h5 48. Ke3 Ke7 49. Ke4 Kf7 50. Nc2 Ke6 51. Ne3 Bb5 52. c4 Bxc4
53. Rc3 1-0

[Event "Madrid ch - Previa A"]
[Site "Madrid ESP"]
[Date "2009.11.11"]
[Round "5.14"]
[White "Camarero Izquierdo, Juan Carlos"]
[Black "Corredor Gonzalez, Angel L"]
[Result "1-0"]
[WhiteElo "1930"]
[BlackElo "1806"]
[PlyCount "57"]
[EventDate "2009.11.02"]
[EventType "swiss"]
[EventRounds "9"]
[EventCountry "ESP"]
[Source "lmi"]
[SourceDate "2009.11.02"]

1. e4 e5 2. Nf3 Nf6 3. Bc4 Nxe4 4. O-O d5 5. Re1 Bc5 6. d4 exd4 7. Bxd5 Qxd5 8.
Nc3 Qh5 9. Rxe4+ Be7 10. Qxd4 O-O 11. Rxe7 Nc6 12. Qd5 Qxd5 13. Nxd5 Nxe7 14.
Nxe7+ Kh8 15. Nxc8 Raxc8 16. Be3 Rcd8 17. g3 f6 18. Nd4 Rfe8 19. a4 a6 20. Ra3
c5 21. Nb3 Rd1+ 22. Kg2 b6 23. a5 c4 24. axb6 cxb3 25. Rxb3 Rb8 26. c4 Kg8 27.
c5 Rdd8 28. c6 Re8 29. b7 1-0

[Event "Madrid ch - Previa A"]
[Site "Madrid ESP"]
[Date "2009.11.11"]
[Round "5.16"]
[White "Fernandez Garcia, Ignacio"]
[Black "Benitez Cadenas, Luis Miguel"]
[Result "1-0"]
[WhiteElo "1895"]
[BlackElo "1774"]
[PlyCount "57"]
[EventDate "2009.11.02"]
[EventType "swiss"]
[EventRounds "9"]
[EventCountry "ESP"]
[Source "lmi"]
[SourceDate "2009.11.02"]

1. e4 c5 2. f4 e6 3. Nf3 Qc7 4. Nc3 a6 5. Be2 b5 6. d3 Bb7 7. O-O Be7 8. Qe1
Nf6 9. Nd1 Nc6 10. c3 d6 11. Ne3 Qb6 12. Kh1 a5 13. f5 b4 14. Ng5 e5 15. Nf3
Ba6 16. Nd2 bxc3 17. bxc3 O-O 18. g4 h6 19. h4 Nh7 20. Nd5 Qd8 21. Nf3 Bf6 22.
Qg3 Kh8 23. g5 hxg5 24. hxg5 Be7 25. Qh3 Bc8 26. Qh5 Kg8 27. g6 fxg6 28. fxg6
Nf6 29. Nxf6+ 1-0

[Event "Madrid ch - Previa A"]
[Site "Madrid ESP"]
[Date "2009.11.11"]
[Round "5.17"]
[White "Marcelo De La Mata, Daniel"]
[Black "Martin-Consuegra Barrilero, Francisco Javier"]
[Result "0-1"]
[WhiteElo "1632"]
[BlackElo "1891"]
[PlyCount "116"]
[EventDate "2009.11.02"]
[EventType "swiss"]
[EventRounds "9"]
[EventCountry "ESP"]
[Source "lmi"]
[SourceDate "2009.11.02"]

1. Nf3 Nf6 2. c4 c6 3. e3 d6 4. d4 Nbd7 5. Nc3 Qc7 6. Be2 e5 7. d5 Be7 8. e4 a5
9. O-O O-O 10. h3 Nc5 11. Nd2 Ne8 12. Nb3 Nxb3 13. axb3 f5 14. exf5 Bxf5 15.
Bg4 Qc8 16. Be3 c5 17. Qe2 b6 18. Bxf5 Qxf5 19. Rae1 Nf6 20. g4 Qg6 21. Kh2 Ne4
22. Nxe4 Qxe4 23. f3 Qg6 24. f4 Bh4 25. f5 Qf6 26. Bf2 a4 27. Bxh4 Qxh4 28.
bxa4 Rxa4 29. Ra1 Rfa8 30. Rxa4 Rxa4 31. b3 Ra7 32. Qf2 Qf6 33. Rb1 g6 34. Kg3
gxf5 35. gxf5 Rg7+ 36. Kh2 Rg5 37. Rf1 Kf7 38. b4 Rh5 39. bxc5 bxc5 40. Qf3 Qg5
41. f6 Rh6 42. Qb3 Qd2+ 43. Kh1 Rxf6 44. Qb7+ Kg6 45. Rg1+ Kh5 46. Qxh7+ Qh6
47. Qd3 Qf4 48. Qe2+ Qf3+ 49. Qxf3+ Rxf3 50. Kh2 Rf4 51. Rc1 Kh4 52. Kg2 Rd4
53. Kf3 Rd3+ 54. Ke4 Rxh3 55. Kf5 Kg3 56. Ke6 Rh6+ 57. Kf5 Kf3 58. Rc3+ Ke2 0-1

[Event "Madrid ch - Previa A"]
[Site "Madrid ESP"]
[Date "2009.11.11"]
[Round "5.18"]
[White "Rodriguez Bachiller, Luis"]
[Black "Stet, Nutu"]
[Result "1-0"]
[WhiteElo "1879"]
[BlackElo "1819"]
[PlyCount "59"]
[EventDate "2009.11.02"]
[EventType "swiss"]
[EventRounds "9"]
[EventCountry "ESP"]
[Source "lmi"]
[SourceDate "2009.11.02"]

1. Nf3 Nf6 2. g3 d5 3. Bg2 e6 4. c4 c6 5. Qc2 Be7 6. O-O O-O 7. d4 Nbd7 8. c5
Re8 9. Nc3 b6 10. b4 Bb7 11. Rb1 b5 12. a4 a6 13. a5 Bf8 14. e4 dxe4 15. Nxe4
Nxe4 16. Qxe4 Nf6 17. Qe5 Nd5 18. Bd2 Ra7 19. Rfe1 Bc8 20. Qe2 f6 21. Bh3 Rae7
22. Qd3 e5 23. Bxc8 e4 24. Rxe4 Rxe4 25. Bf5 Re2 26. Bxh7+ Kh8 27. Bg6 R8e7 28.
Qf5 Nf4 29. gxf4 Qd5 30. Qh3+ 1-0

[Event "Madrid ch - Previa A"]
[Site "Madrid ESP"]
[Date "2009.11.11"]
[Round "5.19"]
[White "Cortijo Manso, Luis"]
[Black "Franco Rincon, David"]
[Result "0-1"]
[WhiteElo "1628"]
[BlackElo "1824"]
[PlyCount "70"]
[EventDate "2009.11.02"]
[EventType "swiss"]
[EventRounds "9"]
[EventCountry "ESP"]
[Source "lmi"]
[SourceDate "2009.11.02"]

1. e4 e5 2. Nf3 Nc6 3. Bb5 a6 4. Ba4 Nf6 5. O-O b5 6. Bb3 Bc5 7. Re1 d6 8. c3
Bg4 9. h3 Be6 10. Bc2 h6 11. d4 exd4 12. cxd4 Bb4 13. Nc3 Ne7 14. Bf4 Ba5 15.
a3 c6 16. b4 Bb6 17. a4 O-O 18. e5 dxe5 19. Bxe5 Nfd5 20. Qd3 Bf5 21. Qd2 Bxc2
22. Qxc2 Nxb4 23. Qe2 Ng6 24. axb5 cxb5 25. Qd2 Nxe5 26. Nxe5 Qxd4 27. Rad1
Qxd2 28. Rxd2 Rfe8 29. Rb2 Nc6 30. Nd5 Ba5 31. Ree2 Rxe5 32. Rxe5 Nxe5 33. Ne7+
Kf8 34. Nd5 Nc4 35. Re2 Re8 0-1

[Event "Madrid ch - Previa A"]
[Site "Madrid ESP"]
[Date "2009.11.11"]
[Round "5.22"]
[White "Poblador Dieguez, Alfredo"]
[Black "Martinez Miura, Enrique"]
[Result "0-1"]
[WhiteElo "1661"]
[BlackElo "1747"]
[PlyCount "90"]
[EventDate "2009.11.02"]
[EventType "swiss"]
[EventRounds "9"]
[EventCountry "ESP"]
[Source "lmi"]
[SourceDate "2009.11.02"]

1. d4 e6 2. c4 d5 3. Nc3 Be7 4. Nf3 h6 5. Bf4 c6 6. e3 Nf6 7. h3 O-O 8. Bd3
Nbd7 9. O-O b6 10. cxd5 exd5 11. a3 Bb7 12. b4 a6 13. Qb3 Re8 14. Rfe1 Bf8 15.
a4 Ne4 16. Bxe4 dxe4 17. Ne5 Nxe5 18. Bxe5 Bd6 19. Bxd6 Qxd6 20. Red1 Rad8 21.
Ra2 Qg6 22. Rad2 Bc8 23. Kh2 Be6 24. Qc2 Bd5 25. Ne2 Qd6+ 26. Kg1 g5 27. Rb1
Qe6 28. Nc3 Rc8 29. Nxd5 cxd5 30. Qb3 Rc4 31. Rc2 Rec8 32. Rbc1 b5 33. axb5
axb5 34. Rxc4 dxc4 35. Qc3 Ra8 36. Ra1 Rxa1+ 37. Qxa1 Qc6 38. Qc3 f5 39. g3 Kf7
40. Kf1 Ke6 41. Ke2 Kd5 42. Kd2 Qa6 43. Qb2 Qa4 44. Kc3 Qd1 45. Qd2 Qb3# 0-1

[Event "Madrid ch - Previa A"]
[Site "Madrid ESP"]
[Date "2009.11.11"]
[Round "5.23"]
[White "Benito Mellado, Humberto"]
[Black "Barragan Panal, Juan Jose"]
[Result "1/2-1/2"]
[WhiteElo "1636"]
[BlackElo "1687"]
[PlyCount "106"]
[EventDate "2009.11.02"]
[EventType "swiss"]
[EventRounds "9"]
[EventCountry "ESP"]
[Source "lmi"]
[SourceDate "2009.11.02"]

1. d4 Nf6 2. c4 e6 3. Nc3 Bb4 4. Qc2 c5 5. e3 Nc6 6. Nf3 d5 7. cxd5 Nxd5 8.
dxc5 Qa5 9. Bd2 Qxc5 10. Rc1 Bxc3 11. Bxc3 Nxc3 12. Qxc3 Qxc3+ 13. Rxc3 a6 14.
Bd3 Ke7 15. Ke2 h6 16. Rd1 Rd8 17. a3 Bd7 18. Bc2 Rac8 19. h3 Be8 20. Rxd8 Rxd8
21. g4 g5 22. b4 Kf6 23. Ne1 Ne5 24. f4 Bb5+ 25. Nd3 Ng6 26. Kf3 Bc6+ 27. Kg3
e5 28. f5 Ne7 29. Nc5 Nc8 30. Be4 Bxe4 31. Nxe4+ Ke7 32. Rc7+ Kf8 33. Rxb7 Nd6
34. Nxd6 Rxd6 35. Ra7 Rd3 36. Kf3 Rxa3 37. b5 a5 38. b6 Rb3 39. b7 Kg7 40. Rxa5
Rxb7 41. Rxe5 Rb4 42. Re4 Rb2 43. Rd4 Rh2 44. Kg3 Re2 45. e4 Re3+ 46. Kg2 Kf6
47. Rd6+ Ke5 48. Rxh6 Kf4 49. Kf2 Rxe4 50. Rh7 Re7 51. Rh8 Ra7 52. Re8 Ra2+ 53.
Kf1 Rh2 1/2-1/2

[Event "Madrid ch - Previa A"]
[Site "Madrid ESP"]
[Date "2009.11.11"]
[Round "5.25"]
[White "Castro Uceda, Jose Antonio"]
[Black "Suarez Mencia, Roberto"]
[Result "1-0"]
[WhiteElo "1715"]
[BlackElo "1653"]
[PlyCount "75"]
[EventDate "2009.11.02"]
[EventType "swiss"]
[EventRounds "9"]
[EventCountry "ESP"]
[Source "lmi"]
[SourceDate "2009.11.02"]

1. d4 Nf6 2. c4 g6 3. Nc3 Bg7 4. e4 d6 5. Nf3 Nbd7 6. Bd3 O-O 7. O-O e5 8. d5
a6 9. b4 c6 10. Bg5 cxd5 11. Nxd5 b6 12. Rc1 Bb7 13. Re1 h6 14. Be3 Nxd5 15.
cxd5 b5 16. Qd2 Kh7 17. Rc2 Nf6 18. Rec1 Ne8 19. Qe2 Bc8 20. Nd2 f5 21. exf5
Bxf5 22. Ne4 Qh4 23. Bb6 Bg4 24. f3 Bxf3 25. gxf3 Qh3 26. Ng3 Nf6 27. Be4 Nxe4
28. Qxe4 Rf4 29. Qd3 Raf8 30. Rf2 e4 31. fxe4 Rh4 32. Qf1 Qg4 33. Rxf8 Qg5 34.
Rf7 Rxe4 35. Rxg7+ Kxg7 36. Rc7+ Re7 37. Bd4+ Kg8 38. Rc8+ 1-0

[Event "Madrid ch - Previa A"]
[Site "Madrid ESP"]
[Date "2009.11.12"]
[Round "6.1"]
[White "Caceres Rodriguez, Jose J"]
[Black "Sotnikov, Taras"]
[Result "0-1"]
[WhiteElo "1997"]
[BlackElo "1971"]
[PlyCount "46"]
[EventDate "2009.11.02"]
[EventType "swiss"]
[EventRounds "9"]
[EventCountry "ESP"]
[Source "lmi"]
[SourceDate "2009.11.02"]

1. Nf3 f5 2. c4 Nf6 3. g3 g6 4. Bg2 Bg7 5. O-O O-O 6. d4 d6 7. Nc3 Qe8 8. d5
Na6 9. Rb1 c6 10. Re1 Nc7 11. Nd4 Bd7 12. Qd3 Rd8 13. e4 fxe4 14. Nxe4 Nxe4 15.
Qxe4 c5 16. Ne6 Nxe6 17. dxe6 Bc6 18. Qc2 Bxg2 19. Kxg2 Qc6+ 20. Qe4 d5 21.
cxd5 Rxd5 22. Bg5 Rxg5 23. Qxc6 bxc6 0-1

[Event "Madrid ch - Previa A"]
[Site "Madrid ESP"]
[Date "2009.11.12"]
[Round "6.2"]
[White "Tirado Parra, Alberto"]
[Black "Canseco Arenas, Alfonso"]
[Result "0-1"]
[WhiteElo "1949"]
[BlackElo "1789"]
[PlyCount "55"]
[EventDate "2009.11.02"]
[EventType "swiss"]
[EventRounds "9"]
[EventCountry "ESP"]
[Source "lmi"]
[SourceDate "2009.11.02"]

1. Nf3 g6 2. e4 Bg7 3. d4 c5 4. Nc3 cxd4 5. Nxd4 Nc6 6. Be3 d6 7. Bc4 Nf6 8. f3
a6 9. Qd2 Nxd4 10. Bxd4 O-O 11. O-O-O b5 12. Bb3 Bb7 13. h4 b4 14. Ne2 a5 15.
Ba4 Qc7 16. h5 Nxh5 17. Bxg7 Kxg7 18. g4 Nf6 19. Qh6+ Kh8 20. g5 Nh5 21. Nf4
Rg8 22. Nxh5 gxh5 23. Rxh5 Rg7 24. g6 fxg6 25. Rg1 e6 26. Rxg6 Qf7 27. Rxe6
Qxf3 28. Qf6 0-1

[Event "Madrid ch - Previa A"]
[Site "Madrid ESP"]
[Date "2009.11.12"]
[Round "6.3"]
[White "Spitzer Isbert, Ramon"]
[Black "Baeza Escudero, Javier"]
[Result "0-1"]
[WhiteElo "2064"]
[BlackElo "1956"]
[PlyCount "62"]
[EventDate "2009.11.02"]
[EventType "swiss"]
[EventRounds "9"]
[EventCountry "ESP"]
[Source "lmi"]
[SourceDate "2009.11.02"]

1. d4 d5 2. c4 e6 3. Nc3 Nf6 4. Nf3 Be7 5. Bg5 O-O 6. e3 h6 7. Bh4 b6 8. cxd5
exd5 9. Rc1 c6 10. Bd3 Be6 11. Ne5 Nfd7 12. Bxe7 Qxe7 13. f4 Nxe5 14. dxe5 Qh4+
15. g3 Qh3 16. Bf1 Qf5 17. h3 Qh7 18. g4 f5 19. exf6 gxf6 20. Bd3 Qe7 21. h4 d4
22. Ne4 Bd5 23. Qc2 Nd7 24. Bc4 Kh8 25. Bxd5 cxd5 26. Nf2 Qxe3+ 27. Kf1 Rae8
28. Rh3 Qxf4 29. Qc7 Ne5 30. Ra3 Rf7 31. Qc2 Nxg4 0-1

[Event "Madrid ch - Previa A"]
[Site "Madrid ESP"]
[Date "2009.11.12"]
[Round "6.4"]
[White "Osorio Ramos, Francisco"]
[Black "Alvarez Abejon, Amilcar"]
[Result "1/2-1/2"]
[WhiteElo "1946"]
[BlackElo "2063"]
[PlyCount "106"]
[EventDate "2009.11.02"]
[EventType "swiss"]
[EventRounds "9"]
[EventCountry "ESP"]
[Source "lmi"]
[SourceDate "2009.11.02"]

1. d4 d5 2. c4 c6 3. Nf3 Nf6 4. Qc2 dxc4 5. e4 b5 6. b3 cxb3 7. axb3 e6 8. Bd2
a5 9. Bd3 Bb7 10. O-O Nbd7 11. Re1 Be7 12. h3 h6 13. Nc3 b4 14. Ne2 O-O 15.
Rec1 c5 16. e5 Nd5 17. Bc4 Qb8 18. Bb5 Rd8 19. Bxd7 Rxd7 20. dxc5 Rc7 21. Qd3
Bxc5 22. Ng3 Qa7 23. Ne4 Rac8 24. Nd6 Bxd6 25. exd6 Rxc1+ 26. Bxc1 Ba6 27. Qd4
Qxd4 28. Nxd4 Rd8 29. Rxa5 Rxd6 30. Be3 Bd3 31. Ra8+ Kh7 32. Rb8 e5 33. Nf3
Nxe3 34. fxe3 Be4 35. Rxb4 Bxf3 36. gxf3 Rd2 37. f4 exf4 38. Rxf4 Kg6 39. b4
Rb2 40. Kh1 Rb3 41. Rg4+ Kf6 42. Rf4+ Ke6 43. Re4+ Kd6 44. Kg2 f5 45. Rd4+ Ke5
46. Kf2 g5 47. Rc4 Kd5 48. Rd4+ Ke5 49. Rc4 h5 50. Rc5+ Ke4 51. Rc4+ Kd5 52.
Rc5+ Ke4 53. Rc4+ Kd5 1/2-1/2

[Event "Madrid ch - Previa A"]
[Site "Madrid ESP"]
[Date "2009.11.12"]
[Round "6.6"]
[White "Garcia Gonzalez, Pedro A"]
[Black "Iagar, Razvan-Gabriel"]
[Result "1/2-1/2"]
[WhiteElo "1911"]
[BlackElo "1971"]
[PlyCount "123"]
[EventDate "2009.11.02"]
[EventType "swiss"]
[EventRounds "9"]
[EventCountry "ESP"]
[Source "lmi"]
[SourceDate "2009.11.02"]

1. Nf3 f5 2. d4 g6 3. g3 Bg7 4. Bg2 Nf6 5. O-O O-O 6. c4 d6 7. Nc3 Qe8 8. Qc2
Na6 9. a3 e5 10. dxe5 dxe5 11. e3 c6 12. b4 e4 13. Nd2 Be6 14. Bb2 Qf7 15. c5
Nc7 16. Rab1 Rfd8 17. Rfd1 Ng4 18. Ne2 Ne5 19. Nd4 Bd5 20. a4 Nd3 21. Bc3 Ne5
22. Rbc1 Ne6 23. Nxe6 Bxe6 24. Bxe5 Bxe5 25. Bf1 Bc7 26. Nc4 Bd5 27. Rd4 Qe7
28. Na3 Be5 29. Rd2 Bf7 30. Rcd1 Rxd2 31. Rxd2 Rd8 32. Nc4 Bc7 33. Qd1 Bd5 34.
Be2 Kg7 35. Rd4 Bxc4 36. Bxc4 Rxd4 37. Qxd4+ Be5 38. Qd1 Kf6 39. Kf1 Bc7 40.
Ke2 Qd8 41. Qxd8+ Bxd8 42. h4 h6 43. Kd2 Ke5 44. Bf7 g5 45. hxg5 hxg5 46. Bg6
Be7 47. Kc3 a5 48. bxa5 Bxc5 49. Kc4 Ba7 50. Be8 f4 51. gxf4+ gxf4 52. exf4+
Kxf4 53. a6 bxa6 54. Bxc6 Bxf2 55. Kc3 Ke3 56. Bb7 Be1+ 57. Kc4 a5 58. Bc6 Bb4
59. Bd5 Be1 60. Bc6 Kf4 61. Kd4 Bf2+ 62. Kc3 1/2-1/2

[Event "Madrid ch - Previa A"]
[Site "Madrid ESP"]
[Date "2009.11.12"]
[Round "6.8"]
[White "Lozano Sanchez, Jose Antonio"]
[Black "Garcia Gutierrez, Jose"]
[Result "0-1"]
[WhiteElo "1912"]
[BlackElo "2053"]
[PlyCount "52"]
[EventDate "2009.11.02"]
[EventType "swiss"]
[EventRounds "9"]
[EventCountry "ESP"]
[Source "lmi"]
[SourceDate "2009.11.02"]

1. e4 b6 2. Bc4 e6 3. Nc3 Bb7 4. d4 Bb4 5. Qd3 Qh4 6. d5 Nf6 7. Bd2 Bxc3 8.
Bxc3 Qxe4+ 9. Ne2 Qxd3 10. Bxd3 Bxd5 11. O-O-O O-O 12. f4 Ne4 13. Be1 Nc5 14.
Rg1 a5 15. Nc3 Nxd3+ 16. Rxd3 Bc4 17. Rd4 d5 18. Bh4 c5 19. Rd2 a4 20. b3 axb3
21. cxb3 Ba6 22. Re1 Nc6 23. Na4 Rab8 24. a3 Rfc8 25. Bf2 Na5 26. Rb2 d4 0-1

[Event "Madrid ch - Previa A"]
[Site "Madrid ESP"]
[Date "2009.11.12"]
[Round "6.9"]
[White "Martin-Consuegra Barrilero, Francisco Javier"]
[Black "Tipter, Napoleon"]
[Result "0-1"]
[WhiteElo "1891"]
[BlackElo "2048"]
[PlyCount "62"]
[EventDate "2009.11.02"]
[EventType "swiss"]
[EventRounds "9"]
[EventCountry "ESP"]
[Source "lmi"]
[SourceDate "2009.11.02"]

1. Nf3 c5 2. c3 d5 3. d4 e6 4. Bf4 Nc6 5. e3 Nf6 6. Nbd2 Be7 7. Bd3 Nh5 8. Bg3
f5 9. Be5 O-O 10. g3 Nf6 11. Bxf6 Rxf6 12. Ne5 Bd7 13. Nxd7 Qxd7 14. Nf3 Qc7
15. Bb5 Bd6 16. Qa4 Ne7 17. Be2 a6 18. O-O c4 19. Qd1 b5 20. Nh4 g5 21. Ng2 Kh8
22. f4 g4 23. Kf2 Rh6 24. Nh4 Ng8 25. Kg2 Be7 26. h3 Bxh4 27. gxh4 gxh3+ 28.
Kxh3 Qe7 29. Qe1 Nf6 30. Bf3 Rg8 31. Qf2 Ng4 0-1

[Event "Madrid ch - Previa A"]
[Site "Madrid ESP"]
[Date "2009.11.12"]
[Round "6.10"]
[White "Montolio Benedicto, Cesar"]
[Black "Fernandez Garcia, Ignacio"]
[Result "1/2-1/2"]
[WhiteElo "1991"]
[BlackElo "1895"]
[PlyCount "99"]
[EventDate "2009.11.02"]
[EventType "swiss"]
[EventRounds "9"]
[EventCountry "ESP"]
[Source "lmi"]
[SourceDate "2009.11.02"]

1. e4 d6 2. d4 g6 3. c4 Bg7 4. Nc3 Nf6 5. Nf3 O-O 6. Be2 Nc6 7. d5 Nb4 8. a3
Na6 9. O-O Nc5 10. Qc2 c6 11. Be3 cxd5 12. cxd5 b6 13. b4 Ncd7 14. Bb5 Ng4 15.
Bd4 Nde5 16. Nxe5 Nxe5 17. Ne2 Bd7 18. Bxd7 Qxd7 19. Rac1 Rac8 20. Qa2 Bh6 21.
f4 Ng4 22. Qb2 Nf6 23. Rxc8 Rxc8 24. Nc3 Rc4 25. Qd2 Qc8 26. Qd3 a6 27. Na4 Rc1
28. Nxb6 Rxf1+ 29. Qxf1 Qc7 30. Qxa6 Qc1+ 31. Qf1 Qxa3 32. Bxf6 Qxb4 33. Bxe7
Qxb6+ 34. Qf2 Qb1+ 35. Qf1 Qxe4 36. Bxd6 Qxd5 37. Be5 Bf8 38. Qb1 h5 39. Kh1 h4
40. h3 g5 41. Qf5 Qd1+ 42. Kh2 Qh5 43. fxg5 Qg6 44. Qxg6+ fxg6 45. Bf6 Bd6+ 46.
Kg1 Kf7 47. Kf2 Ke6 48. Kf3 Kf5 49. Bd8 Bf4 50. Be7 1/2-1/2

[Event "Madrid ch - Previa A"]
[Site "Madrid ESP"]
[Date "2009.11.12"]
[Round "6.12"]
[White "Lopez Peral, Enrique"]
[Black "Perez Cameselle, Francisco"]
[Result "0-1"]
[WhiteElo "1864"]
[BlackElo "1930"]
[PlyCount "108"]
[EventDate "2009.11.02"]
[EventType "swiss"]
[EventRounds "9"]
[EventCountry "ESP"]
[Source "lmi"]
[SourceDate "2009.11.02"]

1. c4 Nf6 2. g3 g6 3. Bg2 Bg7 4. Nc3 d6 5. Nf3 Nbd7 6. O-O e5 7. d4 O-O 8. dxe5
dxe5 9. Qc2 c6 10. Rd1 Qe7 11. b3 Re8 12. Nd2 Nf8 13. Nde4 Nxe4 14. Nxe4 Bf5
15. Bb2 Ne6 16. e3 Ng5 17. Rd2 Rad8 18. Rad1 Rxd2 19. Rxd2 Rd8 20. Rxd8+ Qxd8
21. Qd2 Qxd2 22. Nxd2 Bd3 23. h4 Ne6 24. a3 f5 25. b4 e4 26. Bxg7 Kxg7 27. f3
exf3 28. Bxf3 Kf6 29. Kf2 Ke5 30. a4 c5 31. b5 b6 32. Bd1 Ng7 33. Nf3+ Kf6 34.
Bb3 Ne8 35. Ne1 Be4 36. Nf3 Bxf3 37. Kxf3 Ke5 38. Bc2 Nd6 39. Bd3 h6 40. g4 Ne8
41. gxf5 gxf5 42. Bc2 Ng7 43. Kg3 Nh5+ 44. Kf3 f4 45. Bd3 fxe3 46. Kxe3 Nf4 47.
Bf1 Ng6 48. Bg2 Nxh4 49. Bd5 Nf5+ 50. Kd3 h5 51. Bg2 h4 52. Bd5 h3 53. Kc3 h2
54. a5 Ng3 0-1

[Event "Madrid ch - Previa A"]
[Site "Madrid ESP"]
[Date "2009.11.12"]
[Round "6.13"]
[White "Carrera Cabaneros, Francisco"]
[Black "Fernandez Aransay, Fernando"]
[Result "0-1"]
[WhiteElo "1816"]
[BlackElo "1937"]
[PlyCount "96"]
[EventDate "2009.11.02"]
[EventType "swiss"]
[EventRounds "9"]
[EventCountry "ESP"]
[Source "lmi"]
[SourceDate "2009.11.02"]

1. d4 Nf6 2. c4 c5 3. d5 d6 4. Nc3 g6 5. e4 Bg7 6. Bd3 O-O 7. f4 Nbd7 8. Nf3
Ne8 9. O-O h6 10. Qc2 e5 11. f5 Nef6 12. fxg6 fxg6 13. Be3 Ng4 14. Qd2 Nxe3 15.
Qxe3 Nf6 16. Nh4 Kh7 17. h3 Nh5 18. Rxf8 Bxf8 19. Qf2 Nf4 20. Kh2 Nxd3 21. Qf7+
Bg7 22. Nxg6 Nf4 23. Nxf4 exf4 24. Rf1 Bd7 25. Rxf4 Qf8 26. b3 Qxf7 27. Rxf7
Rd8 28. Nb5 Kg8 29. Rf3 Be5+ 30. Kg1 a6 31. Na3 Rf8 32. Kf2 Rxf3+ 33. Kxf3 Kg7
34. Nc2 b5 35. Ne3 Kg6 36. Nd1 bxc4 37. bxc4 Bd4 38. Ne3 Bxe3 39. Kxe3 Kg5 40.
g4 Ba4 41. h4+ Kxg4 42. e5 Kf5 43. e6 Ke5 44. Kd3 Kf4 45. Kd2 Ke4 46. Kc3 Ke3
47. e7 Ke4 48. a3 Ke3 0-1